Pendaftaran lewat kad pengenalan, masalah dan cadangan mengatasinya, di Pejabat Pendaftaran Negara Tapah, Perak /

Bibliographic Details
Main Author: Mat Rashid bin Ismail
Format: Book
Published: Sg. Petani: INTAN, 1989.
Series:Kursus Sijil Pengurusan Awam ( 27 Mei - 24 Ogos, 1989)
Subjects:
LEADER 00638cam a2200193 7i4500
001 0000042303
005 20151104090000.0
005 ##20151104152900.0
002 ##000002507
003 ##MY-KlINT
008 151104 00010 eng
039 # 9 |y 201511041529  |z VLOAD 
100 1 # |a Mat Rashid bin Ismail 
245 0 0 |a Pendaftaran lewat kad pengenalan, masalah dan cadangan mengatasinya, di Pejabat Pendaftaran Negara Tapah, Perak /   |c Mat Rashid bin Ismail.. 
260 # # |a Sg. Petani:   |b INTAN,   |c 1989. 
300 # # |a 27 p.. 
490 0 # |a Kursus Sijil Pengurusan Awam ( 27 Mei - 24 Ogos, 1989) 
650 # 0 |a Public Service  
650 # 0 |a Registratio --   |x Malaysia